Administracin̤ de compras

Detalles Bibliográficos
Autor principal: Montoya Palacio, Alberto
Formato: eBook
Lenguaje:español
Publicado: Bogot ̀: ECOE, 2006
Materias:
Acceso en línea:http://www.vlex.com/source/7660

MARC

LEADER 00000nam a22000007a 4500
005 20130327091326.0
007 cr|||| ||||
008 130327e2006 ck |||||s|||| 00||0 spa d
020 |a 978-958-648-632-3 
035 |a 7660 
040 |a vLex 
090 |c 4039  |d 4039 
100 1 0 |a Montoya Palacio, Alberto  
245 1 0 |a Administracin̤ de compras  |c / Alberto Montoya Palacio   |h [Recurso electrn̤ico] 
256 |a Servicio en ln̕ea 
260 |a Bogot ̀:  |b ECOE,   |c 2006  
300 |a 1 Recurso electrn̤ico 
506 |d vLex Global  |d vLex Global (Academic Edition, excluding Law Schools)  |d vLex Global (U.S. Academic Edition, Law Schools)  |d vLex Global (U.S. Academic Edition, excluding Law Schools)  |d vLex Global (Academic Edition, Law Schools) 
650 0 4 |a Administracin̤ (Management) 
650 0 4 |a Compras 
740 |a vLex Libros (Servicio en ln̕ea) 
856 |a Acceso restringido  |u http://www.vlex.com/source/7660 
942 |c BOOK 
999 0 |a Management